[Event "Madrid San Viator op-A 28th"]
[Site "Madrid"]
[Date "2017.03.26"]
[Round "1"]
[White "Tudela Garcia, Antonio"]
[Black "Castro Morell, Daniel Eduardo"]
[Result "0-1"]
[WhiteElo "1602"]
[BlackElo "1885"]
[PlyCount "100"]
[EventDate "2017.03.26"]
[EventType "swiss"]
[EventRounds "9"]
[EventCountry "ESP"]
[SourceTitle "EXT 2018"]
[Source "ChessBase"]
[SourceDate "2017.10.13"]
[SourceVersion "1"]
[SourceVersionDate "2017.10.13"]
[SourceQuality "1"]

1. e4 c5 2. Nc3 Nc6 3. f4 d6 4. Nf3 Nf6 5. Bb5 Bd7 6. 0-0 e6 7. d3 Be7 8. Kh1 a6 9. Bxc6 Bxc6 10. Bd2 Qb6 11. a4 Qc7 12. Qe1 b6 13. Ne2 h5 14. h4 Ng4 15. Qg3 Bf6 16. c3 g6 17. Ng5 0-0 18. f5 exf5 19. exf5 Rae8 20. Ng1 Be5 21. Bf4 Bxf4 22. Rxf4 Re3 23. N5f3 Qe7 24. Re1 Re8 25. fxg6 fxg6 26. Rxe3 Qxe3 27. Rf6 Re6 28. Rxe6 Qxe6 29. Ng5 Qf6 30. N1f3 Kg7 31. Qe1 Ne5 32. Qe3 Nxf3 33. Nxf3 Bxf3 34. Qxf3 Qxh4+ 35. Kg1 Qe1+ 36. Kh2 Qe5+ 37. Kh3 d5 38. Qf2 g5 39. Qg3 Qxg3+ 40. Kxg3 Kf6 41. Kf3 Ke5 42. Ke3 h4 43. Kf3 Kf5 44. g3 g4+ 45. Kg2 h3+ 46. Kh2 b5 47. axb5 axb5 48. b3 c4 49. bxc4 bxc4 50. dxc4 dxc4 0-1

[Event "Madrid San Viator op 25th"]
[Site "Madrid"]
[Date "2015.11.01"]
[Round "6"]
[White "Campos Tores, Jose Luis"]
[Black "Castro Morell, Daniel Eduardo"]
[Result "1/2-1/2"]
[WhiteElo "1788"]
[BlackElo "1858"]
[PlyCount "144"]
[EventDate "2015.10.04"]
[EventType "swiss"]
[EventRounds "9"]
[EventCountry "ESP"]
[SourceTitle "CBM 169 Extra"]
[Source "ChessBase"]
[SourceDate "2015.12.18"]
[SourceVersion "1"]
[SourceVersionDate "2015.12.18"]
[SourceQuality "1"]

1. e4 c5 2. d4 cxd4 3. c3 dxc3 4. Nxc3 Nc6 5. Nf3 d6 6. Bc4 e6 7. 0-0 Be7 8. Qe2 Nf6 9. Rd1 0-0 10. e5 Ne8 11. exd6 Bxd6 12. Nb5 Qe7 13. Bg5 f6 14. Be3 Bb8 15. Rac1 Kh8 16. Bb3 Nd6 17. Bc5 Rd8 18. Qd3 Nxb5 19. Bxe7 Rxd3 20. Rxd3 h5 21. Bc5 Bf4 22. Rcd1 e5 23. a4 Nbd4 24. Nxd4 exd4 25. Bxd4 Bg4 26. Re1 Rd8 27. Re4 Be5 28. Bxe5 Rxd3 29. Bc4 Rd8 30. h3 Bd1 31. Bf7 Rd7 32. Bg6 Ne7 33. Be8 Rc7 34. f3 Kg8 35. Bxh5 Bxa4 36. Rxa4 g6 37. Bxf6 gxh5 38. Rxa7 Nd5 39. Bd4 Kf7 40. Ra1 Rc2 41. Re1 Nf4 42. Re4 Ne2+ 43. Kh2 Nxd4 44. Rxd4 Rxb2 45. Kg3 Kg6 46. Rd6+ Kf5 47. Rh6 Kg5 48. Rh8 b5 49. Rg8+ Kf5 50. Kh4 b4 51. Kxh5 b3 52. g4+ Ke5 53. Kg5 Rb1 54. h4 Kd4 55. h5 b2 56. Rb8 Kc3 57. h6 Rh1 58. Kg6 b1Q+ 59. Rxb1 Rxb1 60. f4 Kd4 61. f5 Ke5 62. f6 Ke6 63. g5 Rb7 64. h7 Rb8 65. Kg7 Rb7+ 66. Kh6 Rb8 67. g6 Kxf6 68. g7 Rb1 69. g8N+ Kf7 70. Nf6 Rh1+ 71. Nh5 Rxh5+ 72. Kxh5 Kg7 1/2-1/2

[Event "Madrid San Viator op 25th"]
[Site "Madrid"]
[Date "2015.10.11"]
[Round "2"]
[White "Castro Morell, Daniel Eduardo"]
[Black "Aguilera Lopez, Alejandro"]
[Result "0-1"]
[WhiteElo "1858"]
[BlackElo "1987"]
[PlyCount "68"]
[EventDate "2015.10.04"]
[EventType "swiss"]
[EventRounds "9"]
[EventCountry "ESP"]
[SourceTitle "CBM 169 Extra"]
[Source "ChessBase"]
[SourceDate "2015.12.18"]
[SourceVersion "1"]
[SourceVersionDate "2015.12.18"]
[SourceQuality "1"]

1. Nf3 d5 2. d4 Nf6 3. c4 c6 4. e3 e6 5. Nc3 Bd6 6. Bd3 Nbd7 7. 0-0 0-0 8. Re1 dxc4 9. Bxc4 e5 10. dxe5 Nxe5 11. Nxe5 Bxe5 12. f4 Bxc3 13. bxc3 Bf5 14. Qb3 b5 15. Be2 Re8 16. Bf3 Ne4 17. g3 Qf6 18. a4 Nc5 19. Qa3 Nxa4 20. c4 Be4 21. Bxe4 Rxe4 22. cxb5 cxb5 23. Qd3 Rc4 24. Rb1 Rd8 25. Qf1 a6 26. Rb3 Qc6 27. Rd3 Rc8 28. Red1 h6 29. Rd8+ Rxd8 30. Rxd8+ Kh7 31. Bd2 Nc5 32. f5 Ne4 33. Be1 Rc1 34. f6 Qxf6 0-1